ՀՀ Գիտությունների ազգային ակադեմիայի հիմնարար գիտական գրադարան  =   Fundamental Scientific Library of NAS RA

Էլէքտրականութիւն / (Record no. 206800)

MARC details
000 -LEADER
fixed length control field 00746nam a2200205 a 4500
001 - CONTROL NUMBER
control field 000546115
003 - CONTROL NUMBER IDENTIFIER
control field AM-YEHGA
005 - DATE AND TIME OF LATEST TRANSACTION
control field 20250617135751.0
008 - FIXED-LENGTH DATA ELEMENTS--GENERAL INFORMATION
fixed length control field 070720s1902 ai r 000 0 arm d
040 ## - CATALOGING SOURCE
Original cataloging agency AM-YeHGA
041 0# - LANGUAGE CODE
Language code of text/sound track or separate title arm
090 ## - LOCALLY ASSIGNED LC-TYPE CALL NUMBER (OCLC); LOCAL CALL NUMBER (RLIN)
-- 208304
245 00 - TITLE STATEMENT
Title Էլէքտրականութիւն /
Statement of responsibility, etc. Կազմ.՝ Ա. Չիլինգարեան, Տ. Ռաշմաճեան.
260 ## - PUBLICATION, DISTRIBUTION, ETC.
Place of publication, distribution, etc. Աղէքսանդրապօլ :
Name of publisher, distributor, etc. տպ. Սանոյեանցի եւ Ստեփանեանցի,
Date of publication, distribution, etc. 1902.
300 ## - PHYSICAL DESCRIPTION
Extent 78 էջ.
440 #0 - SERIES STATEMENT/ADDED ENTRY--TITLE
Title Ժողովրդական բնագիտական գրադարան
Volume/sequential designation 6
650 14 - SUBJECT ADDED ENTRY--TOPICAL TERM
Topical term or geographic name entry element Էլեկտրականություն
700 1# - ADDED ENTRY--PERSONAL NAME
Personal name Զիլինգարեան, Ա.
Relator term կազմ.
Relationship com
700 1# - ADDED ENTRY--PERSONAL NAME
Personal name Ռաշմաճեան, Տ
Relator term կազմ.
Relationship com
Holdings
Withdrawn status Lost status Source of classification or shelving scheme Damaged status Not for loan Collection Home library Current library Date acquired Cost, normal purchase price Total checkouts Full call number Barcode Date last seen Price effective from Koha item type Public note
    Universal Decimal Classification     General Fundamental Scientific Library Fundamental Scientific Library 28/12/2016 40.00   AII/14673 FL0011559 28/12/2016 28/12/2016 Հնատիպ գրքեր / Rare Books ILL Non-Circ.
    Universal Decimal Classification     Edgaryan Individual Collection Fundamental Scientific Library Fundamental Scientific Library 14/03/2023     Էդգ/1283 FL0678453 14/03/2023 14/03/2023 Հնատիպ գրքեր / Rare Books ILL Non-Circ.


ՀՀ ԳԱԱ հիմնարար գիտական գրադարան
ՀՀ,Երևան 0019
Մարշալ Բաղրամյան 24/6
հեռախոս:(374-10) 52-47-50
Հետադարձ կապ

All site content, except where otherwise noted, is licensed under a
Creative Commons License